[Event "II Open A"]
[Site "Padova ITA"]
[Date "1999.12.16"]
[Round "6"]
[White "Popa, Florin"]
[Black "Cacco, Christian"]
[Result "0-1"]
[WhiteElo "2213"]
[BlackElo "2292"]
[PlyCount "79"]
[EventDate "1999.12.11"]

1.e4 g6 2.d4 Bg7 3.f4 d6 4.Nf3 c6 5.c3 Nf6 6.Bd3 O-O 7.O-O Qc7 8.f5 e5 9.
fxe6 Bxe6 10.Bf4 Nh5 11.Be3 h6 12.Qd2 Kh7 13.Nh4 Nf6 14.Rf3 c5 15.Na3 Nbd7
16.Nf5 gxf5 17.exf5 Bd5 18.Rh3 h5 19.g4 c4 20.Bc2 Kg8 21.g5 Ne4 22.Bxe4 
Bxe4 23.f6 Bh8 24.Rxh5 Bg6 25.Rh6 Nxf6 26.Rxh8+ Kxh8 27.gxf6 Qd7 28.Qg2 d5
29.Rf1 Rfe8 30.Qg3 Re4 31.Rf4 Rxf4 32.Qxf4 Qh3 33.Qg3 Qxg3+ 34.hxg3 Re8 
35.Kf2 a6 36.b3 b5 37.g4 Kh7 38.Kf3 Bd3 39.Kf4 Kg6 40.g5 0-1

[Event "II Open A"]
[Site "Padova ITA"]
[Date "1999.12.16"]
[Round "6"]
[White "Ravagnani, Tiziano"]
[Black "Bianchi, Andrea"]
[Result "1-0"]
[WhiteElo "2025"]
[BlackElo "2121"]
[PlyCount "91"]
[EventDate "1999.12.11"]

1.e4 e5 2.Nf3 Nf6 3.Bc4 Nxe4 4.Nc3 Nc6 5.O-O Nxc3 6.bxc3 Be7 7.Re1 e4 8.
Nd4 Nxd4 9.cxd4 d5 10.Bb3 Bf5 11.Qh5 g6 12.Qe2 O-O 13.Qb5 Bf6 14.c3 c6 15.
Qxb7 Qd6 16.Qa6 Bc8 17.Ba3 Bxa6 18.Bxd6 Rfd8 19.Bf4 g5 20.Bg3 Bg7 21.f3 
exf3 22.gxf3 Re8 23.Ba4 Bb5 24.Bxb5 cxb5 25.Re3 Rxe3 26.dxe3 Rc8 27.Be1 
Rc4 28.Rb1 a6 29.e4 Ra4 30.Rb2 dxe4 31.fxe4 Rxd4 32.cxd4 Bxd4+ 33.Rf2 Kg7 
34.Kg2 Bxf2 35.Kxf2 f5 36.Bc3+ Kg6 37.e5 Kf7 38.Ke3 Ke6 39.Kd4 f4 40.Ke4 
h6 41.h3 f3 42.Kxf3 Kf5 43.e6 Kxe6 44.Kg4 Kd6 45.a3 Ke6 46.Bg7 1-0

[Event "II Open A"]
[Site "Padova ITA"]
[Date "1999.12.16"]
[Round "6"]
[White "Rossato, Armando"]
[Black "Colovic, Aleksandar"]
[Result "0-1"]
[WhiteElo "2219"]
[BlackElo "2423"]
[PlyCount "66"]
[EventDate "1999.12.11"]

1.d4 Nf6 2.Nf3 g6 3.c4 Bg7 4.Nc3 d5 5.Bf4 O-O 6.e3 c5 7.dxc5 Qa5 8.Nd2 Ne4
9.Nxd5 Bxb2 10.Rb1 Bc3 11.Nxc3 Nxc3 12.Nb3 Qa4 13.Qc2 Nxb1 14.Qxb1 Nc6 15.
f3 Qb4+ 16.Kf2 e5 17.Bg5 f6 18.Bh6 Rd8 19.Bd3 Ne7 20.g4 Qc3 21.Be4 Qxc4 
22.c6 bxc6 23.Rc1 Qf7 24.Nc5 Be6 25.Nxe6 Qxe6 26.Bc2 Qd6 27.Rd1 Qc5 28.
Qb3+ Nd5 29.Qb7 Qe7 30.Qxc6 Rac8 31.Qa4 Kh8 32.Bb3 Nb6 33.Rxd8+ Rxd8 {...}
0-1

[Event "II Open A"]
[Site "Padova ITA"]
[Date "1999.12.16"]
[Round "6"]
[White "Rossi, Carlo"]
[Black "Chatalbashev, Boris"]
[Result "1-0"]
[WhiteElo "2361"]
[BlackElo "2524"]
[PlyCount "71"]
[EventDate "1999.12.11"]

1.d4 d6 2.e4 Nf6 3.f3 e5 4.d5 Be7 5.Be3 O-O 6.Qd2 Nh5 7.Nc3 g6 8.O-O-O Nd7
9.Kb1 f5 10.Nge2 Ndf6 11.exf5 gxf5 12.g3 Ng7 13.f4 Bd7 14.Nc1 Kh8 15.Nd3 
e4 16.Nf2 c5 17.h3 b5 18.Nxb5 Qb6 19.Na3 Rab8 20.Nc4 Qc7 21.b3 Bb5 22.g4 
Bxc4 23.Bxc4 Rb4 24.a3 Rb7 25.Ka2 a5 26.a4 Rb4 27.c3 Rb7 28.Bb5 Rxb5 29.
axb5 c4 30.Qd4 cxb3+ 31.Kxb3 Nd7 32.g5 Nc5+ 33.Ka3 a4 34.Qc4 Qa5 35.Qb4 
Qa7 36.h4 1-0

[Event "II Open A"]
[Site "Padova ITA"]
[Date "1999.12.16"]
[Round "6"]
[White "Van Hoolandt, Patrick"]
[Black "Danieli, Enrico"]
[Result "0-1"]
[WhiteElo "2050"]
[BlackElo "2039"]
[PlyCount "64"]
[EventDate "1999.12.11"]

1.c4 e6 2.Nf3 d5 3.b3 Nf6 4.g3 Bd6 5.Bb2 O-O 6.Bg2 c6 7.O-O Nbd7 8.d3 b6 
9.e4 Qc7 10.Nc3 dxc4 11.dxc4 Bb7 12.Qe2 e5 13.Nh4 g6 14.Bh3 Rad8 15.Rad1 
Bc8 16.Ng2 Nc5 17.Bxc8 Qxc8 18.f4 Qg4 19.Qxg4 Nxg4 20.h3 Nf6 21.Nd5 cxd5 
22.fxe5 Nfxe4 23.exd6 dxc4 24.bxc4 Rxd6 25.Rxd6 Nxd6 26.Ne3 Rc8 27.Ng4 
Nce4 28.Kg2 h5 29.Ne5 Nd2 30.Rd1 N2xc4 31.Nxc4 Nxc4 32.Bf6 Ne3+ 0-1

[Event "II Open A"]
[Site "Padova ITA"]
[Date "1999.12.17"]
[Round "7"]
[White "Artizzu, Giulio"]
[Black "Chilingirova, Pavlina"]
[Result "0-1"]
[WhiteElo "1825"]
[BlackElo "2227"]
[PlyCount "68"]
[EventDate "1999.12.11"]

1.e4 c5 2.Nf3 d6 3.d4 Nf6 4.Nc3 cxd4 5.Nxd4 a6 6.Bc4 e6 7.Bb3 Nbd7 8.O-O 
Nc5 9.f4 Qc7 10.Qf3 b5 11.f5 e5 12.Nde2 Nxb3 13.axb3 Bb7 14.Ng3 h5 15.Be3 
h4 16.Nge2 b4 17.Nd5 Bxd5 18.exd5 Qxc2 19.Nd4 exd4 20.Bxd4 Be7 21.Rfe1 Qc7
22.Rac1 Qb7 23.g4 hxg3 24.hxg3 Rc8 25.Rxc8+ Qxc8 26.Qe2 Qb7 27.g4 Rh4 28.
Bxf6 gxf6 29.g5 Kf8 30.g6 Bd8 31.Qe8+ Kg7 32.gxf7 Bb6+ 33.Kg2 Qxd5+ 34.Kg3
Qd3+ 0-1

[Event "II Open A"]
[Site "Padova ITA"]
[Date "1999.12.17"]
[Round "7"]
[White "Bracaglia, Carlo"]
[Black "Bianchi, Andrea"]
[Result "1/2-1/2"]
[WhiteElo "2134"]
[BlackElo "2121"]
[PlyCount "59"]
[EventDate "1999.12.11"]

1.e4 e5 2.Nc3 Nf6 3.Bc4 Nc6 4.d3 Na5 5.Nf3 Nxc4 6.dxc4 Bb4 7.Bd2 d6 8.Qe2 
Be6 9.a3 Bxc3 10.Bxc3 Nd7 11.O-O O-O 12.Rfd1 Qe7 13.Rd2 b6 14.h3 f5 15.b4 
Rae8 16.Re1 fxe4 17.Qxe4 Rf4 18.Qe3 Rxc4 19.Rde2 Qf6 20.Nd2 Rh4 21.Qg3 Bd5
22.Ne4 Rxe4 23.Rxe4 Bxe4 24.Rxe4 Qf7 25.Qd3 Nf6 26.Re1 Nd5 27.Bd2 Nf4 28.
Bxf4 Qxf4 29.Qd5+ Kh8 30.Re3 1/2-1/2

[Event "II Open A"]
[Site "Padova ITA"]
[Date "1999.12.17"]
[Round "7"]
[White "Cacco, Christian"]
[Black "Lacrosse, Marc"]
[Result "1-0"]
[WhiteElo "2292"]
[BlackElo "2218"]
[PlyCount "145"]
[EventDate "1999.12.11"]

1.d4 d5 2.Nf3 Nf6 3.Bf4 c5 4.e3 Nc6 5.c3 Qb6 6.Qb3 c4 7.Qxb6 axb6 8.Nbd2 
b5 9.Be2 Bf5 10.O-O h6 11.a3 e6 12.Rfe1 Be7 13.Rac1 O-O 14.Ne5 Nxe5 15.
Bxe5 Nd7 16.Bg3 Nb6 17.Bd1 Na4 18.Bxa4 bxa4 19.e4 Bxe4 20.Nxe4 dxe4 21.
Rxe4 Ra5 22.Rce1 Rd5 23.Bf4 Ra8 24.g4 Raa5 25.R1e2 Rab5 26.Kg2 Kh7 27.Kg3 
Rb3 28.f3 g5 29.Bc1 Bd6+ 30.Kg2 Rdb5 31.Rc2 Kg6 32.Ree2 Bc7 33.h4 gxh4 34.
f4 h5 35.g5 Rf5 36.Rf2 f6 37.gxf6 Bd8 38.Kf3 Bxf6 39.Ke4 Rbb5 40.Rh2 Rbd5 
41.Be3 Kh7 42.Rcg2 Rd7 43.Bf2 Rg7 44.Rxg7+ Bxg7 45.Bxh4 Bh6 46.Rf2 Bf8 47.
Bg5 Bd6 48.Rd2 Rd5 49.Re2 Kg6 50.Rg2 Kf7 51.Bh6 Rb5 52.Bg7 Be7 53.Be5 Bf8 
54.Kf3 Rb6 55.Kg3 Be7 56.Kh3 Rb5 57.Kg3 Rb6 58.Kf3 Bf8 59.Ke4 Rb5 60.Rd2 
Kg6 61.Rg2+ Kf7 62.f5 exf5+ 63.Kxf5 Bh6 64.Rg6 Bf8 65.Rg2 Bh6 66.Ke4 Bc1 
67.Rg7+ Kf8 68.Rc7 Rxb2 69.Rxc4 b5 70.Rc7 Rf2 71.Rc5 Bxa3 72.Bd6+ Ke8 73.
Re5+ 1-0

[Event "II Open A"]
[Site "Padova ITA"]
[Date "1999.12.17"]
[Round "7"]
[White "Caruso, Augusto"]
[Black "Dervishi, Erald"]
[Result "0-1"]
[WhiteElo "2219"]
[BlackElo "2496"]
[PlyCount "56"]
[EventDate "1999.12.11"]

1.e4 e5 2.Bc4 Nf6 3.d3 Nc6 4.Nc3 Be7 5.f4 d6 6.Nf3 O-O 7.f5 Na5 8.Bg5 c6 
9.Qd2 d5 10.Bb3 Nxb3 11.axb3 Bb4 12.O-O d4 13.Bxf6 Qxf6 14.Nd5 cxd5 15.
Qxb4 dxe4 16.dxe4 b6 17.Qb5 Bb7 18.Rfe1 Rfc8 19.Rac1 Rc5 20.Qd3 a5 21.c3 
Rac8 22.Qd2 dxc3 23.bxc3 Qc6 24.c4 f6 25.Ra1 b5 26.Rxa5 bxc4 27.bxc4 Rxc4 
28.Qa2 Kh8 0-1

[Event "II Open A"]
[Site "Padova ITA"]
[Date "1999.12.17"]
[Round "7"]
[White "Chatalbashev, Boris"]
[Black "Ortega, Lexy"]
[Result "0-1"]
[WhiteElo "2524"]
[BlackElo "2499"]
[PlyCount "116"]
[EventDate "1999.12.11"]

1.d4 d5 2.c4 c6 3.Nc3 e5 4.cxd5 cxd5 5.Nf3 e4 6.Ne5 f6 7.Qa4+ Nd7 8.Ng4 
Kf7 9.f3 Ne7 10.Qb3 Nb6 11.Nxe4 Nc6 12.Nc3 Nxd4 13.Qd1 Nc6 14.e3 Bc5 15.
Bd3 f5 16.Nf2 d4 17.exd4 Re8+ 18.Ne2 Nxd4 19.O-O Nxe2+ 20.Bxe2 Qxd1 21.
Bxd1 Be6 22.b3 Rad8 23.Bg5 Rc8 24.Rc1 Nd5 25.Kh1 Be3 26.Rxc8 Rxc8 27.Ne4 
Kg6 28.h4 fxe4 29.fxe4 Bxg5 30.exd5 Bxd5 31.hxg5 Kxg5 32.Kh2 Rc1 33.Kg3 h5
34.Re1 Kf6 35.Kf2 Ra1 36.Bxh5 Rxa2+ 37.Ke3 Rxg2 38.b4 g6 39.Be2 Ke5 40.Bf3
Ra2 41.Kd3+ Kd6 42.Bxd5 Kxd5 43.Re7 Ra3+ 44.Kc2 b5 45.Rc7 a6 46.Rc5+ Ke6 
47.Kb2 Rd3 48.Kc2 Rd6 49.Rg5 Kf6 50.Rg1 g5 51.Rf1+ Ke5 52.Re1+ Kf4 53.Rf1+
Ke3 54.Rg1 Rd2+ 55.Kc3 Rd5 56.Ra1 Rd6 57.Rg1 Rc6+ 58.Kb3 Rg6 0-1

[Event "II Open A"]
[Site "Padova ITA"]
[Date "1999.12.17"]
[Round "7"]
[White "Colovic, Aleksandar"]
[Black "Efimov, Igor"]
[Result "1/2-1/2"]
[WhiteElo "2423"]
[BlackElo "2445"]
[PlyCount "36"]
[EventDate "1999.12.11"]

1.e4 c5 2.Nc3 Nc6 3.Nf3 e6 4.d4 cxd4 5.Nxd4 Qc7 6.Be3 a6 7.Bd3 Nge7 8.O-O 
Nxd4 9.Bxd4 b5 10.a4 b4 11.Na2 Nc6 12.c3 Nxd4 13.cxd4 Bb7 14.Nc1 Bd6 15.h3
O-O 16.Nb3 Bh2+ 17.Kh1 Bf4 18.Nc5 a5 1/2-1/2

[Event "II Open A"]
[Site "Padova ITA"]
[Date "1999.12.17"]
[Round "7"]
[White "Danieli, Enrico"]
[Black "Joksic, Sinisa"]
[Result "1-0"]
[WhiteElo "2039"]
[BlackElo "2288"]
[PlyCount "81"]
[EventDate "1999.12.11"]

1.d4 g6 2.Nf3 Bg7 3.c3 f5 4.e3 Nf6 5.Nbd2 d6 6.b4 O-O 7.Qb3+ e6 8.a4 Kh8 
9.a5 Ng4 10.Bb2 a6 11.c4 Qe7 12.Be2 Nc6 13.h3 Nh6 14.O-O g5 15.d5 Nd8 16.
Bxg7+ Qxg7 17.dxe6 Bxe6 18.Nd4 Bd7 19.Rac1 c6 20.Qc3 Ndf7 21.N4f3 Ne5 22.
Nxe5 dxe5 23.Nb3 Rae8 24.Nc5 Bc8 25.Rcd1 g4 26.hxg4 Nxg4 27.Bxg4 Qxg4 28.
f3 Qg7 29.Rd6 Rg8 30.Qb2 Qe7 31.Rfd1 Rg7 32.R6d2 h5 33.Rf2 Kh7 34.Qd2 Qh4 
35.Qd3 Reg8 36.Rdd2 Rg3 37.Nd7 Rh3 38.Qxf5+ Kh8 39.Qxe5+ Rg7 40.Qe8+ Kh7 
41.Nf8+ 1-0

[Event "II Open A"]
[Site "Padova ITA"]
[Date "1999.12.17"]
[Round "7"]
[White "De Bortoli, Peter"]
[Black "Rossi, Giampiero"]
[Result "1-0"]
[WhiteElo "2225"]
[BlackElo "2020"]
[PlyCount "51"]
[EventDate "1999.12.11"]

1.e4 c5 2.Nf3 e6 3.d4 cxd4 4.Nxd4 a6 5.Be3 Nf6 6.Nd2 Qc7 7.f4 d6 8.Bd3 Be7
9.O-O O-O 10.c3 Bd7 11.g4 Rc8 12.g5 Ne8 13.Rf3 Nc6 14.Nxc6 Bxc6 15.Rh3 g6 
16.f5 exf5 17.exf5 Bf8 18.Rxh7 Kxh7 19.fxg6+ fxg6 20.Qh5+ Kg8 21.Qxg6+ Qg7
22.Qe6+ Qf7 23.Bh7+ Kxh7 24.Qxf7+ Bg7 25.Bd4 Rc7 26.g6+ 1-0

[Event "II Open A"]
[Site "Padova ITA"]
[Date "1999.12.17"]
[Round "7"]
[White "Di Lazzaro, Gabriele"]
[Black "Van Hoolandt, Patrick"]
[Result "0-1"]
[WhiteElo "2015"]
[BlackElo "2050"]
[PlyCount "54"]
[EventDate "1999.12.11"]

1.e4 e5 2.Nf3 Nc6 3.Bc4 Bc5 4.d4 exd4 5.Ng5 Bb4+ 6.c3 dxc3 7.bxc3 Nh6 8.
Bxf7+ Nxf7 9.Nxf7 Kxf7 10.Qb3+ d5 11.cxb4 Re8 12.O-O Rxe4 13.Nc3 Rxb4 14.
Qxd5+ Be6 15.Qh5+ Kg8 16.Rd1 Qf6 17.Bd2 Rf8 18.Qc5 Rc4 19.Qe3 Nd4 20.Ne4 
Qg6 21.Ng5 Bd5 22.Bb4 Rxb4 23.Rxd4 Rxd4 24.Qxd4 Qxg5 25.g3 b6 26.Re1 c6 
27.f4 Qf6 0-1

[Event "II Open A"]
[Site "Padova ITA"]
[Date "1999.12.17"]
[Round "7"]
[White "Giacomini, Massimo"]
[Black "Popa, Florin"]
[Result "0-1"]
[WhiteElo "1932"]
[BlackElo "2213"]
[PlyCount "76"]
[EventDate "1999.12.11"]

1.d4 d5 2.Nf3 Bf5 3.g3 c6 4.Bg2 Nf6 5.O-O Nbd7 6.Nh4 Bg6 7.f4 Be4 8.Nf3 e6
9.Nbd2 Be7 10.c4 O-O 11.Nxe4 Nxe4 12.Ne5 f5 13.Qc2 Rc8 14.c5 Nxe5 15.Bxe4 
dxe4 16.dxe5 Qd4+ 17.e3 Qxc5 18.Qb3 Qd5 19.Qxb7 Bc5 20.Qa6 Rfd8 21.b3 Qd3 
22.Qxd3 Rxd3 23.Kf2 Rcd8 24.Ke2 Rc3 25.Bd2 Rc2 26.Rfd1 Bb4 27.Rac1 Rdxd2+ 
28.Rxd2 Rxd2+ 29.Kf1 Rxa2 30.Rxc6 Kf7 31.Rc7+ Be7 32.h4 a5 33.Ra7 Ra3 34.
Ke2 Ra2+ 35.Kf1 Ke8 36.Ra6 Kf7 37.Ra7 g6 38.Rb7 Rb2 0-1

[Event "II Open A"]
[Site "Padova ITA"]
[Date "1999.12.17"]
[Round "7"]
[White "Godena, Michele"]
[Black "Rossi, Carlo"]
[Result "0-1"]
[WhiteElo "2490"]
[BlackElo "2361"]
[PlyCount "78"]
[EventDate "1999.12.11"]

1.e4 c5 2.c3 g6 3.Nf3 Bg7 4.Bc4 d6 5.d4 Qc7 6.O-O Nh6 7.h3 O-O 8.Na3 cxd4 
9.cxd4 Kh8 10.Bf4 a6 11.Rc1 Qa5 12.Bd5 Nc6 13.Nc4 Qd8 14.Qd2 Ng8 15.Bxc6 
bxc6 16.Na5 c5 17.dxc5 dxc5 18.Qxd8 Rxd8 19.Ne5 Bxe5 20.Bxe5+ f6 21.Bc7 
Rd4 22.f3 Be6 23.b3 c4 24.bxc4 Rc8 25.Bb6 Rd2 26.Rf2 Rd6 27.Rb2 Nh6 28.c5 
Rd3 29.c6 Nf7 30.c7 Nd6 31.Rbc2 Re8 32.Nc6 Nc8 33.Bf2 Kg7 34.Nb4 Ra3 35.
Rc3 Ra4 36.a3 Kf7 37.Rd1 Nd6 38.Nc6 Bc8 39.Nd8+ Kf8 0-1

[Event "II Open A"]
[Site "Padova ITA"]
[Date "1999.12.17"]
[Round "7"]
[White "Manca, Federico"]
[Black "Naumkin, Igor"]
[Result "1/2-1/2"]
[WhiteElo "2373"]
[BlackElo "2489"]
[PlyCount "21"]
[EventDate "1999.12.11"]

1.e4 e5 2.Nf3 Nc6 3.Bb5 a6 4.Ba4 Nf6 5.O-O Nxe4 6.d4 b5 7.Bb3 d5 8.dxe5 
Be6 9.Nbd2 Nc5 10.c3 Be7 11.Bc2 1/2-1/2

[Event "II Open A"]
[Site "Padova ITA"]
[Date "1999.12.17"]
[Round "7"]
[White "Mrdja, Milan"]
[Black "Timoscenko, Gennadij A."]
[Result "1/2-1/2"]
[WhiteElo "2425"]
[BlackElo "2536"]
[PlyCount "82"]
[EventDate "1999.12.11"]

1.e4 e5 2.Nf3 Nc6 3.Bb5 a6 4.Ba4 Nf6 5.O-O Be7 6.Re1 b5 7.Bb3 d6 8.c3 O-O 
9.h3 Nd7 10.d4 Bf6 11.Be3 Na5 12.Bc2 Nc4 13.Bc1 Bb7 14.a4 exd4 15.cxd4 c5 
16.axb5 axb5 17.Rxa8 Bxa8 18.Qd3 g6 19.b3 Na5 20.dxc5 dxc5 21.Qxb5 Bc6 22.
Qa6 Bb7 23.Qd3 Nc6 24.Rd1 Nd4 25.Nbd2 Re8 26.Bb2 Nxf3+ 27.Nxf3 Bxb2 28.
Qxd7 Qxd7 29.Rxd7 Bxe4 30.Bxe4 Rxe4 31.Rxf7 Rb4 32.Rc7 Bd4 33.Nxd4 cxd4 
34.Rc4 Rxb3 35.Rxd4 Rb7 36.g3 Kg7 37.Rd6 h5 38.Kg2 Rb3 39.g4 hxg4 40.hxg4 
g5 41.Re6 Kf7 1/2-1/2

[Event "II Open A"]
[Site "Padova ITA"]
[Date "1999.12.17"]
[Round "7"]
[White "Ravagnani, Tiziano"]
[Black "Rossato, Armando"]
[Result "0-1"]
[WhiteElo "2025"]
[BlackElo "2219"]
[PlyCount "80"]
[EventDate "1999.12.11"]

1.e4 e6 2.d4 d5 3.Nc3 Bb4 4.e5 c5 5.a3 Bxc3+ 6.bxc3 Qc7 7.Qg4 f6 8.Rb1 
fxe5 9.Qh5+ g6 10.Qxe5 Qxe5+ 11.dxe5 Nc6 12.Nf3 Nge7 13.h4 h5 14.Bd3 c4 
15.Be2 Rf8 16.a4 Rf5 17.Nd4 Rxe5 18.Nb5 Kd7 19.Bf4 a6 20.Nd4 Re4 21.Be3 
Nf5 22.Kd2 Ncxd4 23.cxd4 Nxd4 24.f3 Rxe3 25.Kxe3 Nxc2+ 26.Kf4 b5 27.axb5 
axb5 28.Rxb5 Nd4 29.Rb2 c3 30.Bb5+ Kd6 31.Rb4 Rb8 32.Kg5 Nxb5 33.Kxg6 Kc5 
34.Rbb1 Bd7 35.g4 hxg4 36.fxg4 Rg8+ 37.Kf7 Rxg4 38.h5 e5 39.Kf6 Rf4+ 40.
Kxe5 Rf5# 0-1

[Event "II Open A"]
[Site "Padova ITA"]
[Date "1999.12.17"]
[Round "7"]
[White "Rogulj, Branko"]
[Black "Gleizerov, Evgeny"]
[Result "0-1"]
[WhiteElo "2427"]
[BlackElo "2520"]
[PlyCount "86"]
[EventDate "1999.12.11"]

1.e4 e6 2.d4 d5 3.Nc3 Nf6 4.Bg5 Be7 5.e5 Nfd7 6.Bxe7 Qxe7 7.f4 O-O 8.Nf3 
c5 9.dxc5 Nc6 10.Bd3 f5 11.exf6 Qxf6 12.g3 Nxc5 13.O-O Bd7 14.Qd2 a6 15.
Rae1 Rae8 16.Qf2 b6 17.Ne5 Nxe5 18.Rxe5 Bc6 19.Ree1 h6 20.h4 Bb7 21.a4 Rc8
22.Re5 Rfd8 23.Rfe1 Nxd3 24.cxd3 d4 25.Ne4 Qf7 26.a5 bxa5 27.Nc5 Rd5 28.
Nxe6 Rxe5 29.Rxe5 Qg6 30.Nc5 Rxc5 31.Rxc5 Qxd3 32.Re5 Qc4 33.Re7 Bd5 34.f5
d3 35.Kh2 Qc1 36.Rxg7+ Kh8 37.Rh7+ Kxh7 38.Qa7+ Kg8 39.Qb8+ Kf7 40.Qa7+ 
Ke8 41.Qb8+ Kd7 42.Qa7+ Qc7 43.Qd4 Qc2+ 0-1

[Event "II Open A"]
[Site "Padova ITA"]
[Date "1999.12.17"]
[Round "7"]
[White "Tomescu, Vlad"]
[Black "Genocchio, Daniele"]
[Result "1/2-1/2"]
[WhiteElo "2453"]
[BlackElo "2291"]
[PlyCount "118"]
[EventDate "1999.12.11"]

1.e4 c5 2.Nf3 d6 3.d4 cxd4 4.Nxd4 Nf6 5.Nc3 g6 6.Be3 Bg7 7.f3 Nc6 8.Qd2 
O-O 9.O-O-O Be6 10.Kb1 Ne5 11.Nxe6 fxe6 12.f4 Neg4 13.Bc4 Qc8 14.Bb3 Nxe3 
15.Qxe3 Kh8 16.Rhf1 Ng4 17.Qg3 e5 18.f5 gxf5 19.exf5 Nh6 20.Be6 Nxf5 21.
Bxc8 Nxg3 22.Rxf8+ Bxf8 23.Bxb7 Rb8 24.Bf3 Nf5 25.Ne2 e6 26.Rd3 d5 27.Bg4 
e4 28.Rb3 Rxb3 29.axb3 Kg7 30.c3 Kf6 31.b4 Bh6 32.g3 e5 33.Bh3 Bg5 34.b3 
d4 35.Bxf5 Kxf5 36.cxd4 exd4 37.Nxd4+ Kg4 38.Kc2 Kh3 39.Ne6 h6 40.Nc5 e3 
41.Kd3 Kxh2 42.Ne4 Kh3 43.Ke2 Kg2 44.b5 Kg1 45.Kf3 Kh2 46.g4 Kh3 47.Ng3 
Bd8 48.b4 Bc7 49.Ne2 Be5 50.Nc1 Kh4 51.Nd3 Bc3 52.Nf4 Bd2 53.Nd5 Kg5 54.b6
axb6 55.b5 Bc1 56.Nxb6 e2 57.Kxe2 Kxg4 58.Nd5 Bb2 59.Kd3 Be5 1/2-1/2

[Event "II Open A"]
[Site "Padova ITA"]
[Date "1999.12.17"]
[Round "7"]
[White "Zinani, Alessandro"]
[Black "Diotallevi, Maurizio"]
[Result "0-1"]
[WhiteElo "2222"]
[BlackElo "1909"]
[PlyCount "92"]
[EventDate "1999.12.11"]

1.d4 d5 2.Nf3 c6 3.g3 Bf5 4.Bg2 Nf6 5.O-O e6 6.Nbd2 Be7 7.c4 O-O 8.Qb3 Qb6
9.h3 Nbd7 10.Qxb6 axb6 11.g4 Bg6 12.Ne5 Nxe5 13.dxe5 Nd7 14.cxd5 exd5 15.
f4 Bc2 16.Rf3 Bc5+ 17.e3 Bd1 18.Rg3 Ra4 19.Kh2 Rfa8 20.a3 b5 21.e4 Bf2 22.
exd5 Bxg3+ 23.Kxg3 cxd5 24.Bxd5 Nc5 25.b4 Nd3 26.Bxb7 Rb8 27.Be4 Nxc1 28.
Rxc1 Rxa3+ 29.Kh4 Ba4 30.Rc7 Re3 31.Bd5 Rf8 32.Rd7 Bc2 33.Nf3 Bb3 34.Nd4 
Bxd5 35.Rxd5 Rd3 36.Rd6 Rb8 37.f5 h6 38.Rd7 Re8 39.Rd5 Kh7 40.g5 Rc8 41.e6
fxe6 42.g6+ Kg8 43.fxe6 Kf8 44.Rf5+ Ke8 45.Rf4 Rc4 46.Ne2 Re3 0-1

[Event "II Open A"]
[Site "Padova ITA"]
[Date "1999.12.18"]
[Round "8"]
[White "Bianchi, Andrea"]
[Black "Di Lazzaro, Gabriele"]
[Result "1-0"]
[WhiteElo "2121"]
[BlackElo "2015"]
[PlyCount "109"]
[EventDate "1999.12.11"]

1.e4 c5 2.Nf3 a6 3.c4 Nc6 4.d4 cxd4 5.Nxd4 e6 6.Be3 Nf6 7.Nc3 Bb4 8.Bd3 
Qa5 9.O-O O-O 10.Na4 Ne5 11.a3 Be7 12.b4 Qd8 13.h3 Nxd3 14.Qxd3 d6 15.Nb3 
Nd7 16.Rfd1 b6 17.c5 dxc5 18.bxc5 Nxc5 19.Nbxc5 bxc5 20.Bxc5 Qxd3 21.Rxd3 
Bxc5 22.Nxc5 e5 23.Rb1 Re8 24.Rb6 Kf8 25.a4 Ke7 26.Rd5 f6 27.Rbd6 a5 28.
Rb6 Rd8 29.Rxd8 Kxd8 30.Rb5 Ra7 31.f3 Bd7 32.Nxd7 Kxd7 33.Kf2 Kd6 34.Ke3 
Ke6 35.g4 Kd6 36.Kd3 Ke6 37.Kc4 Rc7+ 38.Rc5 Ra7 39.Kb5 g6 40.Rc6+ Ke7 41.
Ra6 Rd7 42.Rxa5 Rd3 43.Ra7+ Ke6 44.Ra6+ Ke7 45.Ra7+ Ke6 46.Rxh7 Rxf3 47.a5
Rf1 48.a6 Rb1+ 49.Kc6 f5 50.gxf5+ gxf5 51.Rh6+ Kf7 52.exf5 Ra1 53.Kb7 e4 
54.a7 Rb1+ 55.Rb6 1-0

[Event "II Open A"]
[Site "Padova ITA"]
[Date "1999.12.18"]
[Round "8"]
[White "Cacco, Christian"]
[Black "Rogulj, Branko"]
[Result "0-1"]
[WhiteElo "2292"]
[BlackElo "2427"]
[PlyCount "48"]
[EventDate "1999.12.11"]

1.d4 Nf6 2.Nf3 g6 3.g3 Bg7 4.Bg2 O-O 5.O-O d5 6.c4 dxc4 7.Nc3 c6 8.a4 Na6 
9.e3 Bf5 10.Ne5 Nb4 11.e4 Be6 12.Be3 Nd7 13.f4 Nxe5 14.dxe5 Nd3 15.Qe2 Qd7
16.Bf3 f6 17.exf6 exf6 18.Rfd1 Rfd8 19.a5 Bf8 20.Ra4 Qf7 21.g4 Qc7 22.f5 
Bf7 23.Kh1 g5 24.b3 Qe5 0-1

[Event "II Open A"]
[Site "Padova ITA"]
[Date "1999.12.18"]
[Round "8"]
[White "Chilingirova, Pavlina"]
[Black "De Bortoli, Peter"]
[Result "1-0"]
[WhiteElo "2227"]
[BlackElo "2225"]
[PlyCount "55"]
[EventDate "1999.12.11"]

1.c4 e5 2.d3 g6 3.g3 h5 4.h3 Bg7 5.Bg2 c6 6.Nc3 Ne7 7.e4 Na6 8.Nge2 d6 9.
d4 exd4 10.Nxd4 Qb6 11.Nde2 Be6 12.b3 Qa5 13.Bd2 b5 14.Nxb5 Nb4 15.Nxd6+ 
Kf8 16.O-O Bxa1 17.Qxa1 Rh7 18.a3 Qc7 19.Bxb4 c5 20.Nb5 Qb6 21.Bd2 a6 22.
Nbc3 Qxb3 23.Nd5 Qxc4 24.Nf6 Rh8 25.Nf4 Nc6 26.Nxe6+ Qxe6 27.Qc3 Ne5 28.
Qxe5 1-0

[Event "II Open A"]
[Site "Padova ITA"]
[Date "1999.12.18"]
[Round "8"]
[White "De Santis, Alessio"]
[Black "Chatalbashev, Boris"]
[Result "0-1"]
[WhiteElo "2352"]
[BlackElo "2524"]
[PlyCount "98"]
[EventDate "1999.12.11"]

1.d4 g6 2.Nf3 Bg7 3.e4 c5 4.c3 cxd4 5.Nxd4 Nc6 6.Be3 Nf6 7.Nd2 O-O 8.Be2 
e5 9.Nxc6 bxc6 10.Qa4 Qc7 11.O-O d5 12.f3 Be6 13.Rad1 Rfb8 14.Nb3 a5 15.
Rd2 Nd7 16.exd5 cxd5 17.Qh4 a4 18.Nc1 a3 19.b3 Qxc3 20.Nd3 d4 21.Bh6 Bxh6 
22.Qxh6 Rc8 23.h4 Qa5 24.h5 Qd8 25.hxg6 hxg6 26.Nf2 Qf8 27.Qh4 Kg7 28.Bd3 
Qh8 29.Qg3 Qh6 30.Re2 Rc1 31.Rxe5 Rxf1+ 32.Bxf1 Nxe5 33.Qxe5+ Kh7 34.Qxd4 
Qg7 35.Qh4+ Kg8 36.Qb4 Qf8 37.Qd4 Qd8 38.Qf4 Qb6 39.Bc4 Bxc4 40.Qxc4 Rd8 
41.Kf1 Qf6 42.b4 Qa1+ 43.Ke2 Qb2+ 44.Ke1 Rd4 45.Qc8+ Kg7 46.Ne4 Qa1+ 47.
Kf2 Qxa2+ 48.Ke3 Qb2 49.Qe8 Rxe4+ 0-1

[Event "II Open A"]
[Site "Padova ITA"]
[Date "1999.12.18"]
[Round "8"]
[White "Dervishi, Erald"]
[Black "Danieli, Enrico"]
[Result "1-0"]
[WhiteElo "2496"]
[BlackElo "2039"]
[PlyCount "79"]
[EventDate "1999.12.11"]

1.e4 c6 2.d4 d5 3.Nc3 dxe4 4.Nxe4 Nf6 5.Nxf6+ exf6 6.Bc4 Qe7+ 7.Qe2 Be6 8.
Bd3 g6 9.Nf3 Bg7 10.Bf4 O-O 11.O-O Re8 12.Rfe1 Bf8 13.h3 a5 14.c4 Na6 15.
a3 Qd7 16.Qc2 Bd6 17.Bxd6 Qxd6 18.Rad1 Nc7 19.Qc3 Kg7 20.Bb1 b5 21.d5 cxd5
22.c5 Qd7 23.Nd4 b4 24.axb4 axb4 25.Qxb4 Reb8 26.Qd2 Nb5 27.Ne2 Ra7 28.Rc1
Qc6 29.Bd3 Ra2 30.Rc2 Nc7 31.b4 Rxc2 32.Bxc2 Bc8 33.Nd4 Qb7 34.Rb1 Ne6 35.
Qc3 Nxd4 36.Qxd4 Bd7 37.Bd3 Bb5 38.Bxb5 Qxb5 39.Qxd5 Qa4 40.Qc4 1-0

[Event "II Open A"]
[Site "Padova ITA"]
[Date "1999.12.18"]
[Round "8"]
[White "Efimov, Igor"]
[Black "Manca, Federico"]
[Result "1/2-1/2"]
[WhiteElo "2445"]
[BlackElo "2373"]
[PlyCount "90"]
[EventDate "1999.12.11"]

1.d4 Nf6 2.Bg5 Ne4 3.Bf4 c5 4.f3 Qa5+ 5.c3 Nf6 6.Nd2 cxd4 7.Nb3 Qb6 8.Qxd4
Nc6 9.Qxb6 axb6 10.Nd4 Nxd4 11.cxd4 d5 12.e3 Bd7 13.Ne2 e6 14.Nc3 Bb4 15.
Kd2 Ke7 16.Bd3 Rhc8 17.Rhc1 Ne8 18.a3 Bd6 19.Bxd6+ Nxd6 20.e4 dxe4 21.fxe4
f6 22.b3 Ra5 23.h4 Nf7 24.g3 Rd8 25.Ke3 Bc6 26.a4 Raa8 27.Rc2 Nh6 28.Bc4 
Ng4+ 29.Kf4 f5 30.Bxe6 Rxd4 31.Bxf5 Nh6 32.Ke5 Nxf5 33.Kxf5 Kd6 34.Kf4 
Rf8+ 35.Ke3 Ke5 36.Rd1 Rxd1 37.Nxd1 Rf3+ 38.Ke2 Rxg3 39.Ne3 Kxe4 40.Rc4+ 
Ke5 41.Rb4 Rh3 42.Ng4+ Kd6 43.Nf2 Rg3 44.Rxb6 Kc5 45.a5 Bb5+ 1/2-1/2

[Event "II Open A"]
[Site "Padova ITA"]
[Date "1999.12.18"]
[Round "8"]
[White "Genocchio, Daniele"]
[Black "Colovic, Aleksandar"]
[Result "1/2-1/2"]
[WhiteElo "2291"]
[BlackElo "2423"]
[PlyCount "24"]
[EventDate "1999.12.11"]

1.e4 c5 2.Nf3 d6 3.d4 cxd4 4.Nxd4 Nf6 5.Nc3 a6 6.h3 g6 7.Bc4 Bg7 8.Bb3 O-O
9.O-O b5 10.Re1 Bb7 11.a4 bxa4 12.Bxa4 e6 {...} 1/2-1/2

[Event "II Open A"]
[Site "Padova ITA"]
[Date "1999.12.18"]
[Round "8"]
[White "Giacomini, Massimo"]
[Black "Ravagnani, Tiziano"]
[Result "0-1"]
[WhiteElo "1932"]
[BlackElo "2025"]
[PlyCount "64"]
[EventDate "1999.12.11"]

1.d4 Nf6 2.c4 e5 3.dxe5 Ne4 4.Nf3 b6 5.a3 Bb7 6.Nbd2 Bc5 7.Nxe4 Bxe4 8.b4 
Be7 9.Qd4 Bb7 10.Qg4 Kf8 11.e3 h5 12.Qh3 a5 13.b5 d6 14.Bb2 Rh6 15.Rd1 Bc8
16.Qg3 Rg6 17.Ng5 Rxg5 18.Qf3 Ra7 19.h4 Bg4 20.Qe4 Rg6 21.f3 Be6 22.Qf4 
Nd7 23.Bd3 Rh6 24.Qg3 dxe5 25.f4 Bg4 26.Be2 exf4 27.Qxf4 Bd6 28.Rxd6 cxd6 
29.Bxg4 hxg4 30.O-O Ne5 31.Rd1 Qxh4 32.Bxe5 Qh1+ 0-1